000
00283 a2200121 4500
000
nam a22 7a 4500
005
20260207131200.0
020
_a
9789394384156
100
_a
Geetanjali
_9
1114348
245
_a
Vedic Politics
260
_b
Saddle Publishers
_c
2022
942
_c
TEXL
999
_c
1678892
_d
1678892